Lingea Collins Cobuild English Dictionary

Salvato in:
Dettagli Bibliografici
Natura: Multimedia Libro
Lingua:inglese
Pubblicazione: Lingea, 1997-221
Soggetti:
Tags: Aggiungi Tag
Nessun Tag, puoi essere il primo ad aggiungerne!!

MARC

LEADER 00000npm a22000003a 4500
001 stu78591
005 20150408161712.9
008 030123s--------xo------------------eng-d
040 |a STU  |b slo 
041 0 |a eng 
044 |a xo 
080 |a 801.323=20 
080 |a 811.111 
080 |a 81´374.81 
245 |a Lingea Collins Cobuild English Dictionary 
260 |b Lingea,  |c 1997-221 
650 7 |a angličtina  |2 stusub 
996 |b CUP231  |c C*UP231  |l CCXVIII  |s P  |a 0  |w stu78591_0001 
996 |b 284J015641  |c J*192-CD  |l JJK4  |s P  |a 0  |w stu78591_0002